| 000 | 00478nam a2200181Ia 4500 | ||
|---|---|---|---|
| 001 | 7687 | ||
| 003 | GE_BSU | ||
| 008 | 181216s||||||||xx |||||||||||||| ||und|| | ||
| 040 | _cGE_BSU | ||
| 245 | _aФармация. №5 2013. | ||
| 245 | _cГл.ред.И.А.Самылина и др. Ред.Т.С.Аверкина | ||
| 260 | _aМосква. | ||
| 260 | _bрусский врач | ||
| 260 | _c2013. | ||
| 300 | _a56ст;29см. | ||
| 653 | _aФармация. | ||
| 942 | _cCR | ||
| 999 |
_c41038 _d41038 |
||